Olivia Rodrigo - lacy (Lyrics) - Statistics

General Stats
  • This quiz has been taken 1,780 times
  • The average score is 155 of 197
Answer Stats
Answer % Correct
Lacy,
100%
you
98%
You
98%
I
97%
like
97%
Like
97%
the
94%
The
94%
skin
93%
thing
93%
on
92%
are
91%
to
90%
of
89%
pastry
89%
that
89%
ever
88%
in
88%
care,
87%
care
87%
your
87%
Aren't
86%
aren't
86%
it
86%
puff
86%
sweetest
85%
this
85%
try,
85%
try
85%
Try
85%
all
83%
Hell?
83%
my
83%
side
83%
I'm
81%
do
81%
I'm
81%
angel
80%
wear,
79%
eyes
78%
one
78%
hair,
75%
lately
75%
perfume
75%
time
75%
But
73%
well?
73%
Well,
73%
you're
73%
every
72%
not
72%
ribbons
72%
want
72%
exist?
71%
as
70%
it's
70%
doing
69%
got
69%
linger
69%
Dear
68%
me
68%
tell
68%
Did
67%
And
66%
and
66%
could
65%
get
65%
losing
64%
plain
64%
sight
64%
bullets
63%
daisies
63%
dust
63%
made
63%
feel
62%
knots
62%
see
62%
out
61%
stomach's
61%
greatest
60%
life,
60%
people
60%
takes
60%
torture
60%
Watching,
60%
white
60%
compliments
59%
over
59%
sexy
59%
Smart,
58%
rationalize,
57%
bear
56%
everywhere
56%
how
56%
just
56%
little
54%
despise
53%
hidden
53%
poison
52%
jealous
51%
mind
51%
Dazzling
50%
they
50%
much
49%
reincarnate
49%
for
48%
worships
47%
fell
45%
loathe
45%
Bardot
44%
rotten
44%
hard
43%
starlet,
42%
No matching quizzes found
Score Distribution
Percent of People with Each Score
Percentile by Number Answered
Your Score History
You have not taken this quiz